000 00243nam a2200097Ia 4500
001 912149
005 20250826185733.0
008 250824s9999 xx 000 0 und d
245 0 _aCAM KIRIKLARI
_cERDAL ÇAKICIOĞLU
260 _bAKVARYUM YAYINLARI
999 _c912149
_d912149